[Event "ICS rated blitz match"]
[Site "204.178.125.65"]
[Date "1999.11.17"]
[Round "?"]
[White "Hossa"]
[Black "speedythought"]
[Result "1-0"]
[WhiteElo "2453"]
[BlackElo "2256"]
[PlyCount "141"]
[EventDate "1999.??.??"]

1. Nf3 d5 2. g3 c5 3. Bg2 Nc6 4. O-O e5 5. d3 Nf6 6. e4 dxe4 7. dxe4 Qxd1 8.
Rxd1 Bg4 9. Re1 Bd6 10. Nbd2 O-O 11. c3 Rad8 12. Nc4 Bc7 13. Bg5 Rd3 14. Ne3
Be6 15. Bxf6 gxf6 16. Bf1 Rd6 17. Bc4 Ne7 18. Rad1 Rfd8 19. Rxd6 Rxd6 20. Bxe6
fxe6 21. g4 Kf7 22. g5 Ra6 23. a3 f5 24. Nc4 Nc6 25. exf5 exf5 26. Nfxe5+ Nxe5
27. Nxe5+ Bxe5 28. Rxe5 Kg6 29. Re7 Rb6 30. b4 cxb4 31. axb4 Kxg5 32. Rxh7 Kg4
33. Rg7+ Kf3 34. Rg3+ Kf4 35. Kg2 a6 36. h4 Rh6 37. Kh3 b6 38. Rd3 a5 39. c4
axb4 40. Rb3 Rg6 41. Rxb4 Kf3 42. Rb5 f4 43. h5 Rg1 44. Rb3+ Kxf2 45. Rxb6 f3
46. Re6 Rg3+ 47. Kh4 Kg2 48. Rg6 Rxg6 49. hxg6 f2 50. g7 f1=Q 51. g8=Q+ Kh1 52.
Qd5+ Kh2 53. Kg5 Qc1+ 54. Kf5 Qf1+ 55. Ke6 Qh3+ 56. Kd6 Qh6+ 57. Kc7 Qg7+ 58.
Kc6 Qa7 59. Qe5+ Kg2 60. Qe2+ Kg3 61. Qe1+ Kf4 62. Qd2+ Kf5 63. Qd7+ Qxd7+ 64.
Kxd7 Ke5 65. c5 Kd5 66. c6 Kc5 67. c7 Kb6 68. c8=Q Ka7 69. Qd8 Kb7 70. Qa5 Kb8
71. Kc6 {speedythought resigns} 1-0

[Event "ICS rated blitz match"]
[Site "204.178.125.65"]
[Date "1999.11.17"]
[Round "?"]
[White "speedythought"]
[Black "Hossa"]
[Result "0-1"]
[WhiteElo "2248"]
[BlackElo "2461"]
[PlyCount "52"]
[EventDate "1999.??.??"]

1. e4 c5 2. Nf3 e6 3. d4 cxd4 4. Nxd4 a6 5. Nc3 Qc7 6. Bd3 Nc6 7. Nb3 Nf6 8.
O-O d5 9. exd5 Nxd5 10. Ne4 Ncb4 11. c3 Nxd3 12. Qxd3 Nf6 13. Nxf6+ gxf6 14.
Rd1 Bd7 15. Bf4 e5 16. Bg3 h5 17. h4 O-O-O 18. Qe3 Kb8 19. a4 Rg8 20. Kh2 Bd6
21. Nd2 f5 22. Nc4 f4 23. Nxd6 fxe3 24. Bxe5 f6 25. Bg3 Rxg3 26. fxg3 26... Bg4
{speedythought resigns} 0-1

[Event "ICS rated blitz match"]
[Site "204.178.125.65"]
[Date "1999.11.17"]
[Round "?"]
[White "Hossa"]
[Black "speedythought"]
[Result "1-0"]
[WhiteElo "2468"]
[BlackElo "2241"]
[PlyCount "76"]
[EventDate "1999.??.??"]

1. Nf3 d5 2. g3 c6 3. Bg2 g6 4. d4 Bg7 5. O-O Nf6 6. Bf4 Nbd7 7. Nbd2 O-O 8. e3
e6 9. c4 Re8 10. Qe2 h6 11. Bd6 Nb6 12. Be5 Nbd7 13. Bf4 Nf8 14. e4 g5 15. Be5
Ng6 16. Bxf6 Qxf6 17. Nb3 Qd8 18. Rae1 Bd7 19. Qd3 b6 20. Nfd2 Ne7 21. Re2 Rc8
22. f4 f6 23. fxg5 fxg5 24. Ref2 Rf8 25. Rxf8+ Bxf8 26. Nf3 Bg7 27. Ne5 Be8 28.
Bh3 Qd6 29. exd5 cxd5 30. Re1 Bxe5 31. dxe5 Qd7 32. cxd5 Nxd5 33. Qe4 Kg7 34.
Nd4 Bf7 35. Rf1 Rf8 36. Rxf7+ Kxf7 37. Bxe6+ Qxe6 38. Qh7+ 38... Ke8 {
speedythought resigns} 1-0

[Event "ICS Rated bullet match"]
[Site "204.178.125.65"]
[Date "1999.11.17"]
[Round "?"]
[White "ipkis"]
[Black "Hossa"]
[Result "1/2-1/2"]
[WhiteElo "2318"]
[BlackElo "2464"]
[PlyCount "114"]
[EventDate "1999.??.??"]

1. e3 c5 2. d4 cxd4 3. exd4 Nf6 4. c4 d5 5. Nc3 e6 6. Nf3 Nc6 7. cxd5 exd5 8.
Be2 Be7 9. O-O O-O 10. Re1 Bf5 11. Bf1 Re8 12. Ne5 Bd6 13. Bf4 Nxe5 14. Bxe5
Ng4 15. Bxd6 Qxd6 16. g3 Rxe1 17. Qxe1 Rb8 18. Bg2 Nf6 19. Qe5 Qxe5 20. dxe5 d4
21. exf6 dxc3 22. bxc3 gxf6 23. Bd5 Be6 24. Bxe6 fxe6 25. Rb1 Kf7 26. f4 h5 27.
Kf2 b6 28. Rb3 Rd8 29. Ke3 Rd1 30. Ra3 Rd7 31. Ra6 e5 32. fxe5 fxe5 33. a4 Rc7
34. Kd3 Re7 35. a5 Rb7 36. axb6 axb6 37. Ra8 Re7 38. Ke4 Kf6 39. Rb8 Re6 40. h3
Rc6 41. g4 hxg4 42. hxg4 Rc4+ 43. Kd3 Rxg4 44. Rxb6+ Kf5 45. c4 Rg3+ 46. Ke2 e4
47. c5 Rg2+ 48. Ke1 Rh2 49. Rb3 Kf4 50. c6 Rh1+ 51. Ke2 Rc1 52. c7 Rc2+ 53. Ke1
Rc1+ 54. Ke2 Rc2+ 55. Ke1 Rc1+ 56. Ke2 Rc2+ 57. Ke1 57... Rc1+ {
Game drawn by repetition} 1/2-1/2

[Event "ICS Rated blitz match"]
[Site "204.178.125.65"]
[Date "1999.11.17"]
[Round "?"]
[White "WhiteCastles"]
[Black "Hossa"]
[Result "1-0"]
[WhiteElo "2758"]
[BlackElo "2475"]
[PlyCount "101"]
[EventDate "1999.??.??"]

1. f4 d5 2. Nf3 Nf6 3. e3 Bg4 4. Be2 c5 5. O-O e6 6. d4 Nc6 7. Ne5 Bxe2 8. Qxe2
cxd4 9. Nxc6 bxc6 10. exd4 Bd6 11. c4 O-O 12. Nc3 c5 13. Be3 cxd4 14. Bxd4 Bb4
15. Rac1 Bxc3 16. Rxc3 a6 17. Rg3 Kh8 18. Qe5 Rg8 19. f5 exf5 20. cxd5 Rc8 21.
Qxf5 Qxd5 22. Qxd5 Nxd5 23. Rxf7 Rc1+ 24. Kf2 Rc2+ 25. Kf3 Rcc8 26. Rg5 Nf6 27.
Rxf6 Rgd8 28. Rf4 Rd7 29. Ra5 Rd6 30. Rc5 Rcd8 31. Rc7 Rg6 32. Rd7 Rg8 33. h4
h5 34. Rf5 Rc8 35. Rxh5+ Kg8 36. Rf5 Rf8 37. Rxf8+ Kxf8 38. g4 a5 39. h5 Rc6
40. Bxg7+ Ke8 41. Ra7 Rc1 42. h6 Rf1+ 43. Kg2 Rf7 44. Ra8+ Kd7 45. h7 Rf4 46.
h8=Q Rxg4+ 47. Kf3 Rc4 48. Qd8+ Kc6 49. Ra6+ Kb7 50. Rb6+ Ka7 51. Qb8# {
Hossa checkmated} 1-0

[Event "ICS Rated bullet match"]
[Site "204.178.125.65"]
[Date "1999.11.17"]
[Round "?"]
[White "Hossa"]
[Black "WhiteCastles"]
[Result "0-1"]
[WhiteElo "2458"]
[BlackElo "2740"]
[PlyCount "104"]
[EventDate "1999.??.??"]

1. Nf3 d5 2. g3 c6 3. Bg2 Nf6 4. O-O e6 5. d4 Bd6 6. Bg5 O-O 7. Nc3 Nbd7 8. e4
dxe4 9. Nxe4 Be7 10. Qd3 Nxe4 11. Bxe7 Qxe7 12. Qxe4 Rd8 13. c4 Nf6 14. Qe5 Bd7
15. Rfe1 Qb4 16. b3 a5 17. Ng5 a4 18. Qe3 Qa5 19. Rab1 axb3 20. axb3 Qf5 21.
Ra1 Ng4 22. Qd2 Rxa1 23. Rxa1 Be8 24. Be4 Qf6 25. h3 Nxf2 26. Bxh7+ Kh8 27.
Qxf2 Qxg5 28. Be4 Qe7 29. Ra5 Qd6 30. Rh5+ Kg8 31. Rh4 f5 32. Bg2 g5 33. Rh6
Kg7 34. Rxe6 Qxe6 35. d5 Qe5 36. h4 gxh4 37. gxh4 Bd7 38. Bf3 Kf6 39. Kg2 Rg8+
40. Kh1 Qg3 41. Qb2+ Ke7 42. Qa3+ Kd8 43. Qa5+ Kc8 44. Qa8+ Kc7 45. Qxg8 Qxg8
46. Kh2 f4 47. Bg2 Qg3+ 48. Kh1 f3 49. d6+ Kd8 50. Bf1 f2 51. Bg2 Qxh4+ 52. Bh3
52... Qxh3# {Hossa checkmated} 0-1

[Event "ICS Rated blitz match"]
[Site "204.178.125.65"]
[Date "1999.11.17"]
[Round "?"]
[White "SharpShooter"]
[Black "Hossa"]
[Result "1-0"]
[WhiteElo "2581"]
[BlackElo "2470"]
[PlyCount "97"]
[EventDate "1999.??.??"]

1. d4 d5 2. c4 e6 3. Nc3 c6 4. Nf3 dxc4 5. a4 Bb4 6. e3 b5 7. Bd2 Ba6 8. Ne5
Nf6 9. Qf3 Bxc3 10. Bxc3 Qd5 11. Bb4 Qxf3 12. gxf3 Bb7 13. Rg1 Rg8 14. Bd6 Nbd7
15. e4 a6 16. O-O-O c3 17. bxc3 bxa4 18. Nc4 Kd8 19. Kd2 Ne8 20. Rb1 Ra7 21.
Ba3 f5 22. Bh3 Nc7 23. exf5 Nb5 24. Bb4 exf5 25. Bxf5 g6 26. Ba5+ Nc7 27. Nd6
Ba8 28. Bh3 Rf8 29. Rge1 a3 30. Re3 a2 31. Rbe1 Nf6 32. Bb6 a1=R 33. Rxa1 Nfd5
34. Bxa7 Nxe3 35. fxe3 Rxf3 36. Bc8 Rf2+ 37. Kd3 Rxh2 38. Rf1 c5 39. Bxc5 Nb5
40. Rf8+ Kc7 41. Rf7+ Kb8 42. Bg4 Rf2 43. Rxf2 Bb7 44. Rf8+ Kc7 45. Rf7+ Kb8
46. Rxb7+ Ka8 47. Rxh7 Kb8 48. Rh8+ Kc7 49. Rc8# {Hossa checkmated} 1-0

[Event "ICS Rated blitz match"]
[Site "204.178.125.65"]
[Date "1999.11.17"]
[Round "?"]
[White "Hossa"]
[Black "SharpShooter"]
[Result "1-0"]
[WhiteElo "2459"]
[BlackElo "2592"]
[PlyCount "69"]
[EventDate "1999.??.??"]

1. e4 c5 2. Nf3 Nc6 3. d4 cxd4 4. Nxd4 Nf6 5. Nc3 d6 6. Bc4 e6 7. Be3 Be7 8.
Qe2 a6 9. O-O Ne5 10. Bb3 O-O 11. Rad1 Qc7 12. f3 h6 13. f4 Neg4 14. Bc1 Qc5
15. Na4 Qc7 16. h3 b5 17. Nc3 b4 18. Na4 Bd7 19. hxg4 e5 20. g5 hxg5 21. fxg5
exd4 22. gxf6 Bxf6 23. Rxf6 gxf6 24. Qh5 Be6 25. Bh6 Rfe8 26. Bxe6 fxe6 27.
Qg6+ Kh8 28. Rd3 Rg8 29. Qxf6+ Kh7 30. Rh3 Rg3 31. Rxg3 Rg8 32. Rh3 Rxg2+ 33.
Kxg2 Kg8 34. Qg6+ Kh8 35. Bg5+ {SharpShooter resigns} 1-0

[Event "ICS Rated standard match"]
[Site "204.178.125.65"]
[Date "1999.11.17"]
[Round "?"]
[White "Moron"]
[Black "Hossa"]
[Result "1/2-1/2"]
[WhiteElo "2600"]
[BlackElo "2252"]
[Annotator "Hiarcs 7.32 (22s)"]
[PlyCount "216"]
[EventDate "1999.??.??"]

1. e4 1... c5 {Opening = B41 - 3.d4 cd4 4.Nd4 a6 5.---} 2. Nf3 e6 3. d4 cxd4 4.
Nxd4 a6 5. c4 Nf6 6. Nc3 Bb4 7. Bd3 Bxc3+ 8. bxc3 d6 9. Qa4+ $146 (9. O-O O-O (
9... Nbd7 10. Qe2 Nc5 11. Bc2 e5 12. Nf5 Bxf5 13. exf5 h6 14. f4 O-O 15. fxe5
dxe5 16. Rf3 Re8 17. Rg3 Kh7 18. Qe3 Qd6 19. Ba3 Rac8 20. Rd1 Qc6 21. Rd5 Nce4
22. Bxe4 Qxc4 23. Rd7 Nxe4 24. Rg4 {
Pesch,W-Nippgen,G/BL 8788 1988/BL 80/1-0 (67)}) 10. f4 Qa5 11. Qe1 Nbd7 12. Bd2
b6 13. a4 Qc5 14. Kh1 Bb7 15. Rf3 Qc7 16. Re3 Nc5 17. Bc2 Ncxe4 18. Bxe4 Nxe4
19. Rxe4 Bxe4 20. Qxe4 Qxc4 21. h3 d5 22. Qf3 Rfe8 23. f5 23... e5 {
Munoz,M-Watson,J/Novi Sad olm 1990/TD 90\06/1/2-1/2 (42)}) (9. Ba3 Qc7 10. Qa4+
Nbd7 11. O-O O-O 12. Nb5 Qc6 13. Qa5 b6 14. Nd4 Qb7 15. Qg5 Nc5 16. Bxc5 bxc5
17. Rab1 Qc7 18. Ne2 Bb7 19. Ng3 Bc6 20. Rbe1 h6 21. Qh4 Rab8 22. Re3 Qd8 23.
Rd1 23... Ba4 {Morozevich,A-Tjiam,D/Hyeres op 1992/TD 92\11/1-0 (50)}) 9... Bd7
10. Qb4 Bc6 11. Rb1 O-O 12. Bg5 h6 13. Bxf6 gxf6 14. Bc2 a5 15. Qa3 Na6 16. Qc1
Kg7 17. Qf4 Nc5 18. Qg3+ Kh8 19. Qe3 Kg7 20. Rd1 Rg8 21. Nxc6 bxc6 22. Qg3+ Kf8
23. Qxd6+ Qxd6 24. Rxd6 Ra6 25. Rd8+ Kg7 26. Rxg8+ Kxg8 27. Kd2 Rb6 28. Rb1
Rxb1 29. Bxb1 e5 30. Bc2 Kf8 31. Ke3 Ke7 32. Bd1 a4 33. a3 Nb3 34. Bh5 Ke6 35.
f4 Na5 36. f5+ Ke7 37. Kd3 Nb7 38. Bf3 Nc5+ 39. Ke3 Nb7 40. Bd1 Nc5 41. Be2 Nb3
42. Bd1 Nc5 43. Bh5 Nb7 44. Bf3 Kd6 45. Bd1 $1 {haelt den Vorteil fest} 45...
Nc5 46. Bh5 Ke7 47. Bg4 Kd6 48. h3 Nb7 49. Bd1 Na5 50. Kd3 $1 {
die richtige Fortsetzung, um den Vorteil festzuhalten} 50... Nb7 51. Bh5 Nc5+
52. Ke3 Ke7 53. Be2 Kd6 54. Bd1 Ke7 55. Bh5 Nd7 56. Be2 $14 (56. g3 $5 $16)
56... Kd6 57. Kf3 57... Nc5 $16 (57... Kc5 $5 $14 $142 {muss geprueft werden})
58. h4 Ke7 59. Ke3 Nb3 60. Bg4 Na5 61. Kd3 Nb3 62. Bf3 Kd6 63. Bd1 Nc5+ 64. Ke3
Kd7 65. Bh5 Ke7 66. Bf3 Kd6 67. Be2 Nb3 68. Bh5 Ke7 69. Bd1 69... Kd6 $2 $18 (
69... Nc5 $16 $142) 70. g3 $4 $16 {gibt den Vorteil aus der Hand} (70. Bxb3
$142 {liesse Schwarz keine Chance} 70... axb3 71. Kd2 $18) 70... Kc5 $2 $18 (
70... Nc5 $16 $142) 71. Kd3 (71. Bxb3 axb3 72. Kd2 72... Kxc4 $18) 71... Nc1+ (
71... Na5 72. Bxa4 72... Kd6 $18) 72. Kc2 $16 (72. Kd2 $142 {
ist der schnellste Weg} 72... Nb3+ 73. Bxb3 axb3 74. Kc1 $18) 72... Nb3 73. Bh5
$1 {zementiert den Vorteil} 73... Kd6 74. Kd3 $1 {
die richtige Fortsetzung, um den Vorteil festzuhalten} 74... Ke7 75. Bg4 $14 (
75. Ke3 $5 $16) 75... Nc5+ $16 (75... Kd6 $5 $14) 76. Ke3 Nb3 77. Bf3 Kd6 78.
Bh5 $1 {bleibt am Druecker} 78... Ke7 79. Bd1 Nc5 80. Be2 Nb3 81. g4 (81. Bd3
81... Nc5 $16) 81... Kd6 82. c5+ $14 (82. Bd1 82... Nc5 $16) 82... Nxc5 83. Bf1
Nb3 84. Bc4 Ke7 85. Bxb3 $11 (85. Ke2 $5 $14) 85... axb3 86. Kd2 Kd6 87. Kc1 c5
88. c4 b2+ 89. Kxb2 Kc7 90. Kc3 Kb6 91. Kb3 Ka6 92. Kc2 Ka5 93. Kb1 93... Ka4 {
Schwarz aktiviert den Koenig} 94. Kb2 Ka5 95. Ka1 95... Ka4 {
Aktiver Koenig im Endspiel} 96. Ka2 Ka5 97. Kb2 97... Ka4 {
Der schwarze Koenig wird gefaehrlich} 98. h5 Ka5 99. Kb3 Ka6 100. Kc3 Ka5 101.
Kb2 101... Ka4 {Schwarz aktiviert den Koenig} 102. Ka2 Ka5 103. Kb1 103... Ka4
{Schwarz aktiviert den Koenig} 104. Ka2 Ka5 105. Ka1 105... Ka4 {
Aktiver Koenig im Endspiel} 106. Kb2 Ka5 107. Kc3 107... Ka4 {
Der schwarze Koenig wird gefaehrlich} 108. Kb2 Ka5 1/2-1/2

[Event "ICS Rated blitz match"]
[Site "204.178.125.65"]
[Date "1999.11.17"]
[Round "?"]
[White "PackMaster"]
[Black "Hossa"]
[Result "1-0"]
[WhiteElo "2612"]
[BlackElo "2481"]
[PlyCount "87"]
[EventDate "1999.??.??"]

1. e4 c5 2. Nf3 e6 3. d4 cxd4 4. Nxd4 a6 5. Bd3 Qc7 6. O-O d6 7. c4 Nc6 8. Nxc6
bxc6 9. Be3 Nf6 10. Qf3 e5 11. c5 d5 12. exd5 cxd5 13. Qg3 Qb8 14. b3 Ng4 15.
Rd1 Nxe3 16. Qxe3 Be7 17. Nd2 O-O 18. Re1 Bf6 19. Bc2 e4 20. Rad1 Bf5 21. Nf3
Bg6 22. Nd4 Rc8 23. c6 Qd6 24. Bb1 Rc7 25. f3 Rd8 26. a4 Be5 27. g3 Bh5 28. Nf5
Qf6 29. g4 Rxc6 30. Bxe4 dxe4 31. g5 Bxh2+ 32. Kf1 Rxd1 33. gxf6 Rxe1+ 34. Qxe1
Rxf6 35. Qxe4 h6 36. Qe8+ Kh7 37. Ne7 Rxf3+ 38. Kg2 Rg3+ 39. Kxh2 Rh3+ 40. Kxh3
Bg4+ 41. Kg3 h5 42. Qg8+ Kh6 43. Qh8+ Kg5 44. Qxg7# {Hossa checkmated} 1-0

[Event "ICS Rated blitz match"]
[Site "204.178.125.65"]
[Date "1999.11.17"]
[Round "?"]
[White "Hossa"]
[Black "SharpShooter"]
[Result "0-1"]
[WhiteElo "2471"]
[BlackElo "2570"]
[PlyCount "146"]
[EventDate "1999.??.??"]

1. e4 e5 2. Nf3 Nc6 3. Bc4 Bc5 4. c3 Nf6 5. d4 exd4 6. cxd4 Bb4+ 7. Nc3 Nxe4 8.
O-O Bxc3 9. d5 Bf6 10. Re1 Ne7 11. Rxe4 d6 12. Bg5 Bxg5 13. Nxg5 h6 14. Qh5 O-O
15. Rae1 Ng6 16. Nf3 Qf6 17. Nd4 Bd7 18. R1e3 Rae8 19. Qe2 Rxe4 20. Rxe4 c5 21.
Nb5 Nf4 22. Qd2 Nxg2 23. Kxg2 Qg6+ 24. Kf3 a6 25. Nc3 Bh3 26. Ke2 Bf5 27. Rh4
b5 28. Bb3 Re8+ 29. Kf3 b4 30. Nd1 Be4+ 31. Rxe4 Qxe4+ 32. Kg3 Qg6+ 33. Kf3 Re4
34. Ne3 Rh4 35. Ke2 Rd4 36. Qc2 Qh5+ 37. Kf1 Qxh2 38. Bc4 Qh1+ 39. Ke2 Qh5+ 40.
Ke1 a5 41. Bd3 Qh1+ 42. Ke2 Rf4 43. Bh7+ Kf8 44. Bf5 Qg1 45. Nd1 Qg2 46. Bc8
Qxd5 47. Ke1 Qc6 48. Qh7 Qh1+ 49. Ke2 f6 50. Qh8+ Kf7 51. Qd8 Qe4+ 52. Kd2 Qd4+
53. Ke1 Re4+ 54. Ne3 Qxb2 55. Qd7+ Re7 56. Qxd6 Qxa2 57. Qxc5 Re5 58. Qd4 Qb1+
59. Kd2 g6 60. Ng4 Qa2+ 61. Kd1 Rd5 62. Qxd5+ Qxd5+ 63. Ke1 b3 64. Ne3 Qh1+ 65.
Kd2 b2 66. Bg4 b1=Q 67. Bd1 Qb4+ 68. Ke2 Qhe1+ 69. Kf3 Qb7+ 70. Kg3 Qg1+ 71.
Ng2 Qgxg2+ 72. Kh4 g5+ 73. Kh5 73... Qh3# {Hossa checkmated} 0-1

[Event "ICS rated bullet match"]
[Site "204.178.125.65"]
[Date "1999.11.17"]
[Round "?"]
[White "Hossa"]
[Black "NonWimp"]
[Result "0-1"]
[WhiteElo "2453"]
[BlackElo "2553"]
[PlyCount "88"]
[EventDate "1999.??.??"]

1. e4 e5 2. d4 Nc6 3. dxe5 Nxe5 4. Nc3 Bc5 5. Be2 Ne7 6. Na4 Bb6 7. Nxb6 axb6
8. Bd2 d6 9. f4 N5c6 10. Nf3 O-O 11. O-O Bg4 12. Ng5 Bxe2 13. Qxe2 h6 14. Nf3
Ng6 15. Qe3 Re8 16. a4 Qf6 17. b3 b5 18. Rfb1 bxa4 19. bxa4 Na5 20. e5 dxe5 21.
Bxa5 Rxa5 22. Rxb7 e4 23. Nd4 Nxf4 24. c3 Rg5 25. Ra2 c5 26. Nb5 Rd8 27. Qe1
Nxg2 28. Rxg2 Rxg2+ 29. Kxg2 Qf3+ 30. Kg1 Rd1 31. Qxd1 Qxd1+ 32. Kf2 Qf3+ 33.
Kg1 e3 34. Rb8+ Kh7 35. h3 Qg3+ 36. Kh1 Qxb8 37. Kg2 e2 38. Kf2 Qh2+ 39. Ke1
Qg2 40. Kd2 Qf2 41. Kd3 e1=Q 42. Nd4 Qff1+ 43. Kc2 Qb1+ 44. Kd2 44... Qbc1# {
Hossa checkmated} 0-1

[Event "ICS Rated bullet match"]
[Site "204.178.125.65"]
[Date "1999.11.17"]
[Round "?"]
[White "Hossa"]
[Black "ipkis"]
[Result "1-0"]
[WhiteElo "2441"]
[BlackElo "2303"]
[PlyCount "129"]
[EventDate "1999.??.??"]

1. e4 c5 2. Nf3 e6 3. d4 cxd4 4. Nxd4 Nc6 5. Nc3 d6 6. Be2 Nf6 7. Bg5 Be7 8.
O-O O-O 9. Bb5 Bd7 10. Nf3 a6 11. Be2 Qc7 12. Qd2 Rfd8 13. Rfd1 Be8 14. Qf4 b5
15. a3 Rac8 16. Ra2 Ne5 17. Nd4 Nc4 18. Bxc4 Qxc4 19. Nf3 a5 20. Nd2 Qc6 21.
Nb3 Qc7 22. Rd2 b4 23. Bxf6 Bxf6 24. axb4 axb4 25. Ne2 e5 26. Qf5 Bd7 27. Qh5
Be6 28. Ng3 Bxb3 29. cxb3 g6 30. Qe2 Ra8 31. Rxa8 Rxa8 32. Qe1 Bg5 33. Rd1 Qc2
34. Kh1 Qxb2 35. Qxb4 Qxf2 36. Rf1 Qc2 37. Qb7 Rf8 38. Qd5 Qc5 39. Qb7 Bf4 40.
Ne2 Be3 41. Qe7 Bd4 42. Ng3 Qb6 43. Rf3 Qd8 44. Rxf7 Qxe7 45. Rxe7 Rb8 46. h3
Rxb3 47. Kh2 Re3 48. Rd7 Bc5 49. Rc7 h5 50. h4 Bb4 51. Rc4 Be1 52. Nf1 Re2 53.
Kh3 Bf2 54. g4 Bd4 55. gxh5 gxh5 56. Ng3 Re3 57. Kg2 Rd3 58. Nxh5 Rd2+ 59. Kh3
Rd3+ 60. Kg4 Re3 61. Kg5 Rh3 62. Nf6+ Kf7 63. Rc7+ Ke6 64. Nd5 Bf2 65. Re7# {
ipkis checkmated} 1-0

[Event "ICS Rated blitz match"]
[Site "204.178.125.65"]
[Date "1999.11.17"]
[Round "?"]
[White "Hossa"]
[Black "Zippy"]
[Result "1/2-1/2"]
[WhiteElo "2459"]
[BlackElo "2211"]
[PlyCount "184"]
[EventDate "1999.??.??"]

1. e4 c5 2. Nf3 e6 3. d4 cxd4 4. Nxd4 a6 5. Bd3 Nf6 6. O-O e5 7. Nb3 Be7 8. Nc3
d5 9. exd5 Nxd5 10. Nxd5 Qxd5 11. Re1 Nc6 12. f4 Be6 13. fxe5 O-O-O 14. Bf4 Nb4
15. Qc1 Kb8 16. Bg5 Bxg5 17. Qxg5 Nxd3 18. cxd3 Qxd3 19. Rf1 Rhg8 20. Rac1 h6
21. Qf4 Rge8 22. Rf2 g5 23. Qb4 Bxb3 24. axb3 Rxe5 25. Qb6 Rde8 26. Qc7+ Ka8
27. Rff1 Qxb3 28. Kh1 Qxb2 29. Qc4 f5 30. Rg1 Re2 31. Rcd1 Qc2 32. Qd5 Qe4 33.
Qd7 f4 34. Rdf1 Qe7 35. Qa4 Qe3 36. Qd7 Qe6 37. Qd4 h5 38. Qg7 Qf5 39. Qh6 h4
40. h3 R8e3 41. Qh8+ Ka7 42. Qd4+ b6 43. Qg7+ Ka8 44. Qh8+ Kb7 45. Qg7+ Kb8 46.
Qg8+ Qc8 47. Qxc8+ Kxc8 48. Rc1+ Kb7 49. Rgd1 a5 50. Rd7+ Ka6 51. Rf7 Rg3 52.
Rg1 a4 53. Rf8 a3 54. Ra1 Kb5 55. Rb1+ Rb2 56. Rg1 a2 57. Ra8 f3 58. Ra7 f2 59.
Rf1 Rb1 60. Kh2 Rxf1 61. Ra5+ Kc6 62. Rc5+ Kb7 63. Rc7+ Ka8 64. Rc8+ Ka7 65.
Rc7+ Ka6 66. Ra7+ Kb5 67. Ra5+ Kc4 68. Ra4+ Kd3 69. Ra3+ Ke4 70. Ra4+ Kf5 71.
Rf4+ Ke5 72. Re4+ Kd6 73. Rd4+ Kc6 74. Rc4+ Kd5 75. Rc5+ Ke6 76. Re5+ Kf6 77.
Re6+ Kg7 78. Re7+ Kh6 79. Re6+ Kh7 80. Re7+ Kg8 81. Rg7+ Kh8 82. Rh7+ Kg8 83.
Rg7+ Kf8 84. Rf7+ Ke8 85. Re7+ Kd8 86. Rd7+ Ke8 87. Re7+ Kd8 88. Rd7+ Kc8 89.
Rc7+ Kb8 90. Rc8+ Ka7 91. Rc7+ Kb8 92. Rc8+ 92... Ka7 {Game drawn by repetition
} 1/2-1/2

[Event "ICS Rated standard match"]
[Site "204.178.125.65"]
[Date "1999.11.17"]
[Round "?"]
[White "Hossa"]
[Black "denninja"]
[Result "1-0"]
[WhiteElo "2261"]
[BlackElo "2181"]
[PlyCount "71"]
[EventDate "1999.??.??"]

1. e4 Nc6 2. Nf3 d6 3. Bb5 e5 4. d4 exd4 5. Nxd4 Bd7 6. Nc3 g6 7. Nxc6 Bxc6 8.
Qd4 Qf6 9. Bxc6+ bxc6 10. Qa4 Kd7 11. Be3 Bg7 12. Bxa7 Ne7 13. O-O Nc8 14. Bd4
Qxd4 15. Qxa8 Qb4 16. Rab1 Nb6 17. Qa7 Ra8 18. Qb7 Bd4 19. a3 Qc5 20. Ne2 Be5
21. Ng3 h5 22. b4 Qc4 23. Rfd1 Rxa3 24. Re1 Rc3 25. Ra1 f6 26. Ra7 d5 27. Qxb6
Rxc2 28. Nf1 Qb3 29. exd5 cxd5 30. Qb5+ Rc6 31. Rc1 Bc3 32. Ra6 Qc4 33. Qxc6+
Qxc6 34. Rxc6 Kxc6 35. Rxc3+ Kb6 36. Ne3 {denninja resigns} 1-0

[Event "ICS rated blitz match"]
[Site "204.178.125.65"]
[Date "1999.11.17"]
[Round "?"]
[White "MissSilicon"]
[Black "Hossa"]
[Result "1-0"]
[WhiteElo "2649"]
[BlackElo "2449"]
[Annotator "Hiarcs 7.32 (22s)"]
[PlyCount "161"]
[EventDate "1999.??.??"]

1. e4 1... e5 {Opening = 5.d4} 2. Nf3 Nc6 3. Bc4 Bc5 4. c3 Nf6 5. d4 exd4 6.
cxd4 Bb4+ 7. Bd2 Bxd2+ 8. Nbxd2 d5 9. exd5 Nxd5 10. Qb3 Na5 11. Qb5+ $146 (11.
Qa4+ Nc6 (11... c6 12. Bxd5 Qxd5 13. O-O O-O 14. Rfe1 b6 15. Rac1 Ba6 16. Re5
Qd7 17. b4 Bb5 18. Qc2 Nb7 19. a4 Ba6 20. Qxc6 Qxc6 21. Rxc6 Bd3 22. Re7 Nd8
23. Rcc7 a5 24. b5 Ne6 25. Rc6 Rac8 26. g3 {
Mieles,D-Haddad,M/Menorca 1996/1-0 (37)}) 12. Qb3 Na5 13. Qa4+ Nc6 14. Ne5 (14.
Qb3 14... Na5 {1/2-1/2 Gavrikov,V-Bareev,E/URS-FL Lvov 1987/TD 87\01 (14)})
14... O-O 15. Bxd5 Qxd5 16. Nxc6 bxc6 17. O-O c5 18. Rac1 cxd4 19. Rxc7 a5 20.
Rfc1 Be6 21. Nb3 Rfd8 22. R7c5 Qe4 23. Nd2 Qe2 24. Qd1 Qxd1+ 25. Rxd1 25...
Bxa2 {Norris,D-Veroci,Z/Sydney op 1992/EXP 33/1/2-1/2 (38)}) 11... c6 12. Qc5
Nxc4 13. Nxc4 Qe7+ 14. Qxe7+ Kxe7 15. O-O f6 16. Rae1+ Be6 17. Re4 Kd7 18. Rfe1
Bf5 19. R4e2 Rad8 20. g3 h5 21. a4 g5 22. Nfd2 h4 23. Ne4 Bg4 24. Nc5+ Kc8 25.
Re4 Bf5 26. R4e2 hxg3 27. fxg3 Bg4 28. Re4 Bh3 29. Na5 Rh7 30. b3 Nb4 31. Ncxb7
Rxb7 32. Nxb7 Kxb7 33. Rc1 a5 34. Re7+ Kb6 35. Rf7 Be6 36. Rxf6 Bxb3 37. Rc5
Rxd4 38. Rb5+ Ka6 39. Rxg5 Bxa4 40. h4 Bb3 41. h5 a4 42. Rf8 Rd1+ 43. Kf2 Rd2+
44. Ke3 Rd3+ 45. Kf2 Rd6 46. Rg6 Rd2+ 47. Ke3 Rh2 48. Ra8+ Kb7 49. Rh8 Nd5+ 50.
Kd4 Rd2+ 51. Ke5 Nb6 52. h6 Nd7+ 53. Kf4 Bc2 54. Rg7 Kb6 55. h7 Nf8 56. Rxf8
Rf2+ 57. Ke3 Rxf8 58. Rg8 Bxh7 59. Rxf8 c5 60. g4 c4 61. Kd4 Bd3 62. g5 Kb5 63.
Rb8+ Kc6 64. Rb4 a3 65. Ra4 Bg6 66. Rxa3 Kb5 67. Rh3 Kb4 68. Rh6 Be8 69. g6 c3
70. Kd3 c2 (70... Bb5+ {sonst gehen die Lichter sofort aus} 71. Ke3 71... Kb3
$18) 71. Kxc2 Bc6 72. Rh4+ (72. g7 Bd5 73. Rh4+ 73... Ka3 $18) 72... Ka3 73.
Kc3 {Mit der Mattdrohung g7} 73... Ka2 74. Rh2+ Ka3 75. g7 {Droht Matt} 75...
Ka4 76. g8=Q Kb5 77. Qb8+ (77. Qb3+ Kc5 78. Rh6 Bb5 79. Qb4+ Kd5 80. Qd4#)
77... Kc5 78. Rh5+ (78. Rh6 Kd5 79. Rxc6 Kxc6 80. Qd8 Kb7 81. Qd7+ Kb8 82. Kc4
Ka8 83. Kc5 Kb8 84. Kc6 Ka8 85. Qb7#) 78... Bd5 79. Qc7+ Kb5 80. Rxd5+ Ka6 81.
Ra5# 1-0

[Event "ICS rated standard match"]
[Site "204.178.125.65"]
[Date "1999.11.17"]
[Round "?"]
[White "Hossa"]
[Black "Moron"]
[Result "0-1"]
[WhiteElo "2270"]
[BlackElo "2588"]
[PlyCount "78"]
[EventDate "1999.??.??"]

1. e4 c5 2. Nf3 e6 3. d4 cxd4 4. Nxd4 a6 5. Nc3 Qc7 6. Be3 Nf6 7. Bd3 b5 8. O-O
Bb7 9. Qf3 Bd6 10. g3 Nc6 11. Nxc6 Qxc6 12. Rae1 b4 13. Bh6 O-O 14. Nd1 Be7 15.
Bg5 Qc5 16. Qf4 h6 17. Bxf6 Bxf6 18. Re2 Bg5 19. Qg4 Qd4 20. Qh5 a5 21. Rfe1
Bc6 22. Qh3 a4 23. g4 a3 24. c3 bxc3 25. bxc3 Qe5 26. c4 Rfb8 27. Ne3 d6 28.
Qh5 Qc3 29. Bb1 Qd4 30. Bc2 Rb2 31. Qh3 Rxa2 32. Rd1 Ra1 33. Rxa1 Qxa1+ 34. Kg2
a2 35. Bd3 Qc1 36. Nc2 a1=Q 37. Nxa1 Rxa1 38. Kg3 Bf4+ 39. Kf3 39... g5 {
Hossa resigns} 0-1

[Event "ICS rated standard match"]
[Site "204.178.125.65"]
[Date "1999.11.17"]
[Round "?"]
[White "Sensenmann"]
[Black "Hossa"]
[Result "1/2-1/2"]
[WhiteElo "2243"]
[BlackElo "2266"]
[PlyCount "98"]
[EventDate "1999.??.??"]

1. d4 d5 2. c4 e6 3. Nf3 Nf6 4. Nc3 Be7 5. cxd5 exd5 6. Bf4 Nc6 7. e3 Nh5 8.
Be5 Be6 9. h3 O-O 10. Bd3 Nxe5 11. Nxe5 Nf6 12. O-O c5 13. Rc1 Qb8 14. f4 Qd6
15. Nb5 Qb6 16. f5 Bc8 17. Nc3 Qxb2 18. Na4 Qa3 19. Nxc5 b6 20. Qb3 Bxc5 21.
dxc5 Qxb3 22. axb3 Re8 23. Ng4 Nxg4 24. hxg4 Rxe3 25. Rfe1 Rxe1+ 26. Rxe1 Bd7
27. Re7 Rd8 28. Re5 Bc6 29. b4 Re8 30. Rxe8+ Bxe8 31. Kf2 g6 32. Ke3 Bd7 33.
Kd4 Bc6 34. Be2 gxf5 35. gxf5 Kg7 36. Bf3 bxc5+ 37. bxc5 Kf6 38. Bxd5 Bb5 39.
c6 h5 40. c7 Ba6 41. Kc5 h4 42. Bc4 Bc8 43. Kc6 Kxf5 44. Bxf7 Kf6 45. Bh5 Ke5
46. Be8 Ke6 47. Bg6 Kf6 48. Be8 Ke6 49. Bh5 49... Ke5 {
Game drawn by mutual agreement} 1/2-1/2